Work Song - Hozier (All Lyrics) - Statistics

General Stats
  • This quiz has been taken 57 times
  • The average score is 240 of 314
Answer Stats
Lyrics % Correct
I
97%
my
97%
My
97%
to
97%
a
93%
can
93%
me
93%
baby
90%
body
90%
down
90%
down,
90%
her
90%
hold
90%
home
90%
I'll
90%
No
90%
the
90%
crawl
87%
grave
87%
in
87%
In
87%
time
87%
When
87%
when
87%
around
83%
as
83%
cold,
83%
comes
83%
Lay
83%
an
80%
And
80%
and
80%
earth
80%
gently
80%
so
80%
sweet
80%
dark
77%
Is
77%
love,
77%
love
77%
on
77%
from
73%
nothin'
73%
Nothin'
73%
She
73%
she
73%
about
70%
About
70%
empty
70%
I'm
70%
be
67%
could
67%
just
67%
of
67%
was
67%
fever
63%
kissin'
63%
once
63%
sin
63%
than
63%
that
63%
up
63%
asked
60%
babe
60%
baby's
60%
barely
60%
burnin'
60%
but
60%
But
60%
did
60%
drunken
60%
eat
60%
full
60%
have
60%
never
60%
sweeter
60%
think
60%
would
60%
wrong
60%
cherry
57%
crib
57%
days
57%
found
57%
give
57%
heat?
57%
I'd
57%
She'd
57%
There's
57%
thought
57%
three
57%
tree
57%
were
57%
with
57%
If
53%
kinda
53%
much
53%
room
53%
soft
53%
toothaches
53%
walls
53%
woke
53%
Boys
50%
Boys,
50%
care
50%
dreamed
50%
Heaven
50%
how
50%
lived
50%
long
50%
put
50%
way
50%
what
50%
workin'
50%
didn't
47%
don't
47%
face
47%
free
47%
hell
47%
'Cause
43%
done
43%
hands
43%
want
43%
words
43%
forgive
40%
still
40%
swear,
40%
fret
37%
Lord
37%
low
37%
Mmm,
33%
mmm,
33%
mmm
33%
none
33%
lamplight,
20%
No matching quizzes found
Score Distribution
Percent of People with Each Score
Percentile by Number Answered
Your Score History
You have not taken this quiz